000 00659nam a2200277Ia 4500
005 20260121124538.0
008 008 260114s9999 xx 000 0 eng d
020 _a9781438481234
037 _aEBOOK
040 _aCRL
040 _beng
040 _cCRL
041 _2eng
041 _aeng
084 _qCRL
100 _aSarbacker, Stuart Ray
_9977823
245 0 _aTracing the Path of Yoga
260 _bWalter de Gruyter
260 _bWalter de Gruyter
260 _c2021
650 _aPhilosophy
_9977824
856 _uhttp://www.degruyter.com/isbn/9781438481234
942 _cEBOOK
999 _c1555392
_d1555392